| 000 | 00000nam 2200000za 4500 |
| 001 | 9.802858 |
| 003 | CaOODSP |
| 005 | 20221107135057 |
| 007 | cr ||||||||||| |
| 008 | 150903s2004 onc #o f000 0 fre d |
| 020 | |z0-662-76797-7 |
| 040 | |aCaOODSP|bfre |
| 043 | |an-cn--- |
| 086 | 1 |aSC102-1/10-2004F-PDF|zSC102-1/10-2004F |
| 245 | 00|aAide-mémoire III |h[ressource électronique]. |
| 260 | |a[Ottawa] : |bÉcole de la fonction publique du Canada, |cc2004. |
| 300 | |a[2] p. |
| 490 | 1 |aProgramme de français langue seconde - Niveau C |
| 500 | |a« Phénomènes courants de la langue parlée -- Fonctions langagière F12. Précisions -- F13. Suggestion -- F14. Conseil -- F15. Reformulation -- F16. Condition -- F17. Opposition -- F18. Ajout -- F19. Digression -- F20. Hypothèse -- F21. But -- F22. Regret -- F23. Vérification ». |
| 692 | 07|2gccst|aFormation linguistique |
| 710 | 2 |aÉcole de la fonction publique du Canada. |
| 830 | #0|aProgramme de français langue seconde - Niveau C.|w(CaOODSP)9.501587 |
| 856 | 40|qPDF|s738 Ko|uhttps://publications.gc.ca/collections/collection_2015/efpc-csps/SC102-1-10-2004-fra.pdf |